|
|
|
|
| LEADER |
00000nam0a2200000 4500 |
| 001 |
269122 |
| 005 |
20231101234227.0 |
| 035 |
|
|
|a (RuTPU)RU\TPU\book\292295
|
| 090 |
|
|
|a 269122
|
| 100 |
|
|
|a 20140915d1986 k y0rusy5003 ca
|
| 101 |
0 |
|
|a rus
|
| 102 |
|
|
|a RU
|
| 105 |
|
|
|a a z 001zy
|
| 200 |
1 |
|
|a Математическое обеспечение ЭВМ, комплексов и сетей
|e сборник научных трудов
|f Московский энергетический институт (МЭИ) ; гл. ред. А. Б. Фролов
|
| 210 |
|
|
|a Москва
|c Изд-во МЭИ
|d 1986
|
| 215 |
|
|
|a 144 с.
|c ил.
|d 20 см
|
| 225 |
1 |
|
|a Сборник научных трудов [МЭИ]
|v № 86
|
| 320 |
|
|
|a Библиогр. в конце ст.
|
| 606 |
1 |
|
|a Вычислительные машины электронные
|x Математическое обеспечение
|2 stltpush
|3 (RuTPU)RU\TPU\subj\4142
|9 32446
|
| 606 |
1 |
|
|a Вычислительные сети
|x Математическое обеспечение
|2 stltpush
|3 (RuTPU)RU\TPU\subj\4236
|9 32528
|
| 610 |
1 |
|
|a системное обеспечение
|
| 610 |
1 |
|
|a программное обеспечение
|
| 610 |
1 |
|
|a моделирование
|
| 610 |
1 |
|
|a обучающие системы
|
| 610 |
1 |
|
|a автоматизированное проектирование
|
| 675 |
|
|
|a 681.3.06
|z rus
|v 3
|
| 675 |
|
|
|a 681.324.06
|z rus
|v 3
|
| 702 |
|
1 |
|a Фролов
|b А. Б.
|4 651
|
| 712 |
0 |
2 |
|a Московский энергетический институт (МЭИ)
|c (1930-1992)
|2 stltpush
|3 (RuTPU)RU\TPU\col\20092
|
| 801 |
|
0 |
|a RU
|b RuMRKP
|c 19950417
|g psbo
|
| 801 |
|
1 |
|a RU
|b 63413507
|c 20140915
|
| 801 |
|
2 |
|a RU
|b 63413507
|c 20161018
|g RCR
|
| 942 |
|
|
|c BK
|